000 00585nam a2200229Ia 4500
005 20250425162501.0
008 250425s9999 xx 000 0 und d
020 _a9780073397856
041 _aeng
082 _a343.7304
100 _aHINZE, JIMMIE
245 0 _aCONSTRUCTION CONTRACTS
250 _a3RD ED.
260 _aEstados Unidos
_bMCGRAW-HILL
_c2011
260 _aNEW YORK
_bMCGRAWILL CONNEST LEARN SUCCEED
300 _a542
650 _aGARANTIAS TECNICAS
650 _aRIESGOS Y SEGUROS
650 _aSISTEMA DE ROL DE PAGOS
942 _c01
010 _a77188
999 _c230177
_d230177